00948nam a2200193Ia 4500008004100000020001500041041001200056100001400068245006000082260003900142300000800181650001400189700001700203942000700220999001700227952017000244952017000414952017000584221030s9999 xx 000 0 und d a9332518650 aEnglish aP. N. Tan 0aIntroduction to Data Miningcby P. N. Tan, M. Steinbach bPearson EdcuationaNew Delhic2015 a732 aComputers aM. Steinbach cBK c15594d15594 pM 2877g675.00i3928l0eRKBr2024-06-10 00:00:00w2022-10-30yBK003Print4070aMIETLIBbMIETLIBcBL-Academic Block B, FL-2, CUP-97, SH-5, R-5d2015-10-1910HMCA pM 2878g675.00i3928l0eRKBr2024-06-10 00:00:00w2022-10-30yBK003Print4070aMIETLIBbMIETLIBcBL-Academic Block B, FL-2, CUP-42, SH-2, R-2d2015-10-1910HMCA pM 2879g675.00i3928l0eRKBr2024-06-10 00:00:00w2022-10-30yBK003Print4070aMIETLIBbMIETLIBcBL-Academic Block B, FL-2, CUP-42, SH-2, R-2d2015-10-1910HMCA